• 首页
  • 本馆介绍
  • 公告通知
  • 最新文献
  • 馆藏检索
  • 电子资源
  • 读者导购
  • 参考咨询
  • 我的图书馆
  • 登录
  • 详细信息显示
  • 放入我的书架
  • 预约/预借图书
  • 作者相关作品
  • 分类相关作品
  • 丛书相关作品
  • 出版社相关作品

书目信息

  • 表格格式
  • 工作单格式
  • 卡片格式
题名:
中学语文自学之友
    
 
作者: 刘全利 , 王兆苍 编
分册: 初中二年级适用  
出版信息: 北京   中国青年出版社  1982
页数: 406页
开本: 19cm
丛书名:
单 册:
中图分类: G634.3 , G633.3
科图分类:
主题词: 语文--初中--教学参考资料
电子资源:
ISBN:
000 00720nam0 2200253 45
001 0182001946
005 20060817154820.73
010    @dCNY1.05
091    @a7009.277
100    @a19950615d1982 em y0chiy0121 ea
101 0  @achi
102    @aCN@b110000
105    @ay z 000yy
200 10 @a中学语文自学之友@Azhong xue yu wen zi xue zhi you@h初中二年级适用@f刘全利,王兆苍编
210    @a北京@c中国青年出版社@d1982
215    @a406页@d19cm
606    @a语文@x初中@x教学参考资料
690    @aG634.3@v3
690    @aG633.3
701  0 @a刘全利@Aliu quan li@4编
701  0 @a王兆苍@Awang zhao cang@4编
801  0 @aCN@b上海图书馆@c20060817
801  2 @aCN@bNLC@c20060817
905    @f2@b79228-229@dG633.3@e35:2
    
    中学语文自学之友.初中二年级适用/刘全利,王兆苍编.-北京:中国青年出版社,1982
    406页;19cm
    
    
    ISBN :CNY1.05
    
●
相关链接 在E读中查询图书 在五车中查询图书 在当当中查询图书 在豆瓣中查询图书


正题名:中学语文自学之友     索取号:G633.3/35:2         预约/预借

序号 登录号 条形码 馆藏地/架位号 状态 备注
1 0079228   000475907   密集书库/ [索取号:G633.3/35:2] 在馆    
2 0079229   000475863   密集书库/ [索取号:G633.3/35:2] 在馆    
3 0079230   000475827   第一样本阅览室/ [索取号:G633.3/35:2] 在馆    
4 0460084   204600841   密集书库/ [索取号:G633.3/35:2] 在馆    
5 0460085   204600850   密集书库/ [索取号:G633.3/35:2] 在馆    
6 0465418   204654187   密集书库/ [索取号:G633.3/35:2] 在馆    
唐山师范学院图书馆 欢迎您!
大连网信软件有限公司© 版权所有